000
00279nam a2200109Ia 4500
008
221009s9999 xx 000 0 und d
082
_a
320/JAC
100
_a
Jacob, Happymon
_9
1814
245
4
_a
The Rise Fall and The Resurgence of The Taliban
260
_b
Samskriti
942
_c
BK
999
_c
64887
_d
64887